Organisational behaviour: text and cases (Record no. 149390)
[ view plain ]
| 000 -LEADER | |
|---|---|
| fixed length control field | 00674nam a2200265Ia 4500 |
| 003 - CONTROL NUMBER IDENTIFIER | |
| control field | OSt |
| 005 - DATE AND TIME OF LATEST TRANSACTION | |
| control field | 20231107163750.0 |
| 008 - FIXED-LENGTH DATA ELEMENTS--GENERAL INFORMATION | |
| fixed length control field | 210210b2012 xxu||||| |||| 00| 0 eng d |
| 020 ## - INTERNATIONAL STANDARD BOOK NUMBER | |
| International Standard Book Number | 8121920140 |
| 040 ## - CATALOGING SOURCE | |
| Transcribing agency | AL |
| 041 ## - LANGUAGE CODE | |
| Language code of text/sound track or separate title | eng |
| 082 ## - DEWEY DECIMAL CLASSIFICATION NUMBER | |
| Classification number | 658.4 KHAO |
| 100 ## - MAIN ENTRY--PERSONAL NAME | |
| Personal name | KHANKA (S S) |
| 9 (RLIN) | 141129 |
| 245 ## - TITLE STATEMENT | |
| Title | Organisational behaviour: text and cases |
| 260 ## - PUBLICATION, DISTRIBUTION, ETC. | |
| Place of publication, distribution, etc. | New Delhi |
| Name of publisher, distributor, etc. | S. Chand & Co. Ltd. |
| Date of publication, distribution, etc. | 2012 |
| 300 ## - PHYSICAL DESCRIPTION | |
| Extent | xv,560 |
| 650 ## - SUBJECT ADDED ENTRY--TOPICAL TERM | |
| Topical term or geographic name entry element | text |
| 9 (RLIN) | 141130 |
| 650 ## - SUBJECT ADDED ENTRY--TOPICAL TERM | |
| Topical term or geographic name entry element | Organisational |
| 9 (RLIN) | 141131 |
| 650 ## - SUBJECT ADDED ENTRY--TOPICAL TERM | |
| Topical term or geographic name entry element | cases |
| 9 (RLIN) | 141132 |
| 650 ## - SUBJECT ADDED ENTRY--TOPICAL TERM | |
| Topical term or geographic name entry element | behaviour: |
| 9 (RLIN) | 141133 |
| 650 ## - SUBJECT ADDED ENTRY--TOPICAL TERM | |
| Topical term or geographic name entry element | and |
| 9 (RLIN) | 141134 |
| 690 ## - LOCAL SUBJECT ADDED ENTRY--TOPICAL TERM (OCLC, RLIN) | |
| Topical term or geographic name as entry element | Organisational Behaviour |
| 9 (RLIN) | 141135 |
| 906 ## - LOCAL DATA ELEMENT F, LDF (RLIN) | |
| a | 066970 |
| 942 ## - ADDED ENTRY ELEMENTS (KOHA) | |
| Source of classification or shelving scheme | Dewey Decimal Classification |
| Koha item type | Book |
| Withdrawn status | Lost status | Source of classification or shelving scheme | Damaged status | Not for loan | Collection code | Home library | Current library | Date acquired | Source of acquisition | Cost, normal purchase price | Total Checkouts | Full call number | Barcode | Date last seen | Date last checked out | Price effective from | Koha item type | Shelving location | Total Renewals |
|---|---|---|---|---|---|---|---|---|---|---|---|---|---|---|---|---|---|---|---|
| Dewey Decimal Classification | Management | St Aloysius Library | St Aloysius Library | 02/17/2021 | Higginbothams (P) Ltd., Mangalore 01. | 235.00 | 2 | 658.4 KHAO | 060069 | 07/21/2025 | 07/11/2025 | 02/17/2021 | Book | ||||||
| Dewey Decimal Classification | Management | St Aloysius Library | St Aloysius Library | 02/17/2021 | Higginbothams (P) Ltd., Mangalore 01. | 235.00 | 658.4 KHAO | 060070 | 02/17/2021 | 02/17/2021 | Book | Secondary stack section | |||||||
| Dewey Decimal Classification | Management | St Aloysius Library | St Aloysius Library | 02/17/2021 | S Chand & Company Ltd, Bangalore | 340.00 | 3 | 658.4 KHAO | 066972 | 01/10/2023 | 11/07/2022 | 02/17/2021 | Book | ||||||
| Dewey Decimal Classification | Management | St Aloysius Library | St Aloysius Library | 02/17/2021 | S Chand & Company Ltd, Bangalore | 340.00 | 7 | 658.4 KHAO | 066971 | 08/05/2025 | 07/21/2025 | 02/17/2021 | Book | 1 | |||||
| Dewey Decimal Classification | Management | St Aloysius Library | St Aloysius Library | 02/17/2021 | S Chand & Company Ltd, Bangalore | 340.00 | 658.4 KHAO | 066970 | 02/17/2021 | 02/17/2021 | Book | Secondary stack section |